Countries within 500km of Slovenia - Statistics

General Stats
  • This quiz has been taken 46 times
  • The average score is 20 of 20
Answers on the Map
Answers color-coded by a green-red scale on the quiz's map according to % correct below.
 
Answer Stats
Answer % Correct
Austria
100%
Bosnia andHerzegovina
100%
Croatia
100%
Czech Republic
100%
Germany
100%
Hungary
100%
Italy
100%
Kosovo
100%
Montenegro
100%
Poland
100%
Serbia
100%
Slovakia
100%
Vatican City
100%
Albania
97%
France
97%
Romania
97%
San Marino
97%
Switzerland
97%
Ukraine
97%
Liechtenstein
95%
No matching quizzes found
Score Distribution
Percent of People with Each Score
Percentile by Number Answered
Your Score History
You have not taken this quiz